[Event "Hoogovens op"]
[Site "Wijk aan Zee"]
[Date "1993.01.??"]
[Round "6"]
[White "Akopian, Vladimir Eduardovic"]
[Black "Kortschnoj, Viktor Lvovich"]
[Result "0-1"]
[WhiteElo "2615"]
[BlackElo "2605"]
[Annotator "Boensch,U"]
[PlyCount "86"]
[EventDate "1993.01.??"]
[EventType "swiss"]
[EventRounds "12"]
[EventCountry "NED"]
[SourceTitle "CBM 034"]
[Source "ChessBase"]
[SourceDate "1993.06.01"]
[SourceVersion "1"]
[SourceVersionDate "1993.06.01"]
[SourceQuality "1"]

1. e4 c5 2. Nf3 d6 3. d4 cxd4 4. Nxd4 Nf6 5. Nc3 g6 6. Be3 Bg7 7. f3 O-O 8. Qd2
Nc6 9. g4 Nd7 (9... Bxg4 $5 10. Nxc6 (10. fxg4) 10... bxc6 11. fxg4 Nxg4 12.
Bd4 e5 13. Bf2 Bh6 14. Qe2 f5 15. Bg3 Rb8 16. Nd1 Rxb2 17. Bh3 (17. Nxb2 Qa5+
18. Kd1 Ne3+ 19. Kc1 Nc4+ 20. Kb1 Na3#) 17... Qa5+ 18. Kf1 Ne3+ 19. Nxe3 Bxe3
20. Qc4+ d5 21. Qd3 fxe4+ {0-1 Noskov,A-Losev,D Moskow op Russian W 1991}) (
9... Be6 10. Nxe6 (10. O-O-O $5) 10... fxe6 11. O-O-O Ne5 12. Be2 Rc8 13. Nb5
Nc4 14. Bxc4 Rxc4 15. Nd4 Qd7 16. Kb1 Rfc8 17. Rc1 $10 {Dolmatov,S-Alterman,B
Beer Sheva 1991 1/2 31 -Inf.53/205}) 10. h4 Nb6 $5 $146 (10... Nde5 11. Be2
Nxd4 12. Bxd4 Be6 13. f4 Nc6 14. Bxg7 Kxg7 15. h5 Bd7 16. O-O-O Qa5 17. e5 $16
{Littlewood,J-Miles,A England 1973}) 11. h5 (11. O-O-O $5) 11... Nxd4 12. Bxd4
Bxd4 13. Qxd4 g5 $1 14. O-O-O (14. h6 f6 15. Bc4+ Kh8 (15... Nxc4 16. Qxc4+ Kh8
17. O-O-O $14) 16. Bb3 $14) 14... f6 15. h6 Kh8 16. e5 $5 fxe5 17. Qe3 Be6 $1 (
17... Rg8 18. Ne4 $40) 18. Qxg5 Rg8 19. Qe3 Qf8 20. Bd3 Qf7 21. Be4 Rac8 22. b3
(22. Bxb7 $2 Rb8 23. Be4 Nc4 $17) 22... Qf6 23. Rh5 Rc7 24. Kb1 Rgc8 25. Ne2
Rc5 (25... d5 $2 26. Bf5 $16) 26. Bd3 {/\ Qe4} Bf7 27. Rf5 Qe6 28. Nd4 Qg6 (
28... exd4 $2 29. Qxd4+ Re5 30. f4 $18) 29. Ne2 (29. Rg5 exd4 $19) 29... Nd5
30. Qd2 Qe6 31. c4 $2 (31. Rg5 $5) 31... Nf6 32. Ng3 Bg6 33. Re1 (33. Rg5)
33... b5 $1 $17 34. g5 Nd7 35. f4 bxc4 36. bxc4 Rxc4 37. fxe5 Nxe5 38. Rfxe5
dxe5 $19 39. Rf1 Rd4 40. Rf3 Qb6+ 41. Ka1 Rxd3 42. Rxd3 Bxd3 43. g6 (43. Qxd3
Rc1+) 43... Qd4+ 0-1

[Event "Amber-blindfold 02nd"]
[Site "Monte Carlo"]
[Date "1993.04.01"]
[Round "6"]
[White "Kortschnoj, Viktor Lvovich"]
[Black "Polugaevsky, Lev"]
[Result "1-0"]
[WhiteElo "2605"]
[BlackElo "2635"]
[PlyCount "59"]
[EventDate "1993.03.26"]
[EventType "tourn (rapid)"]
[EventRounds "11"]
[EventCountry "MNC"]
[EventCategory "15"]
[SourceTitle "CBM 034 Extra"]
[Source "ChessBase"]
[SourceDate "1993.07.01"]
[SourceVersion "1"]
[SourceVersionDate "1993.07.01"]
[SourceQuality "1"]

1. d4 Nf6 2. Nf3 e6 3. Bg5 h6 4. Bxf6 Qxf6 5. e4 d6 6. Nc3 Nd7 7. Qd2 a6 8.
O-O-O g6 9. e5 dxe5 10. Nxe5 Bg7 11. f4 O-O 12. g3 Rd8 13. Bg2 Nxe5 14. fxe5
Qe7 15. Rhe1 Bd7 16. Qf2 Bc6 17. Bxc6 bxc6 18. Ne4 Rab8 19. c3 a5 20. Rf1 Rb5
21. a4 Rbb8 22. Rd3 Rd5 23. Rf3 Rf8 24. Qe3 Kh8 25. g4 Rdd8 26. Rh3 Kg8 27.
Rxh6 c5 28. Nf6+ Bxf6 29. exf6 Qxf6 30. Rxf6 1-0

[Event "Amber-blindfold 02nd"]
[Site "Monte Carlo"]
[Date "1993.04.05"]
[Round "9"]
[White "Ivanchuk, Vassily"]
[Black "Kortschnoj, Viktor Lvovich"]
[Result "0-1"]
[WhiteElo "2710"]
[BlackElo "2605"]
[PlyCount "90"]
[EventDate "1993.03.26"]
[EventType "tourn (rapid)"]
[EventRounds "11"]
[EventCountry "MNC"]
[EventCategory "15"]
[SourceTitle "CBM 034 Extra"]
[Source "ChessBase"]
[SourceDate "1993.07.01"]
[SourceVersion "1"]
[SourceVersionDate "1993.07.01"]
[SourceQuality "1"]

1. e4 c6 2. d4 d5 3. Nc3 dxe4 4. Nxe4 Bf5 5. Ng3 Bg6 6. Nf3 Nd7 7. h4 h6 8. h5
Bh7 9. Bd3 Bxd3 10. Qxd3 Ngf6 11. Bf4 e6 12. O-O-O Be7 13. c4 b5 14. c5 a5 15.
Nf1 a4 16. Ne3 Qa5 17. g4 O-O-O 18. Kb1 Kb7 19. Qc2 Rhe8 20. Rdg1 a3 21. g5
hxg5 22. Nxg5 axb2 23. Nxf7 Ra8 24. Qxb2 Ne4 25. Rxg7 Kc8 26. Rc1 Bf6 27. Nd6+
Nxd6 28. cxd6 Bxg7 29. Rxc6+ Kb8 30. h6 Bxd4 31. Qxd4 Qxa2+ 32. Kc1 Ra4 33.
Qb6+ Ka8 34. Qc7 Ra7 35. Nc2 Rxc7 36. dxc7 Rc8 37. h7 Kb7 38. Rd6 Qc4 39. Rxd7
Qxf4+ 40. Kb1 Qh6 41. Nd4 Rxc7 42. Rxc7+ Kxc7 43. Nxe6+ Kd6 44. Ng5 Ke7 45. f4
Qh2 0-1

[Event "Amber-rapid 02nd"]
[Site "Monte Carlo"]
[Date "1993.03.26"]
[Round "1"]
[White "Kortschnoj, Viktor Lvovich"]
[Black "Christiansen, Larry Mark"]
[Result "1-0"]
[WhiteElo "2605"]
[BlackElo "2620"]
[PlyCount "119"]
[EventDate "1993.03.26"]
[EventType "tourn (rapid)"]
[EventRounds "11"]
[EventCountry "MNC"]
[EventCategory "15"]
[SourceTitle "CBM 034 Extra"]
[Source "ChessBase"]
[SourceDate "1993.07.01"]
[SourceVersion "1"]
[SourceVersionDate "1993.07.01"]
[SourceQuality "1"]

1. d4 Nf6 2. c4 d6 3. Nc3 Nbd7 4. g3 e5 5. Bg2 Be7 6. e3 O-O 7. Nge2 c6 8. O-O
Re8 9. b3 Bf8 10. e4 a6 11. d5 cxd5 12. Nxd5 b5 13. cxb5 Nxd5 14. Qxd5 Nb6 15.
Qd2 axb5 16. Bb2 Bb7 17. Rfd1 Qd7 18. Qe3 Ra6 19. Rd2 Bc6 20. Rad1 b4 21. Nc1
Qb7 22. Nd3 Nd7 23. Rc1 Nf6 24. Rc4 d5 25. exd5 Bxd5 26. Bxd5 Nxd5 27. Qe4 Qa8
28. Nxe5 Nc3 29. Qxa8 Raxa8 30. Nc6 Nxa2 31. Kf1 f6 32. Rd7 Nc3 33. Nxb4 Ne4
34. Rdd4 Nc5 35. Rc3 Rab8 36. Ba3 Ra8 37. Nc2 Ne4 38. Re3 Nxg3+ 39. Rxg3 Bxa3
40. Nxa3 Rxa3 41. Rd7 g6 42. Rc3 Ra5 43. Rh3 h5 44. Rc3 g5 45. Rb7 Rf5 46. b4
g4 47. Rcc7 Ra8 48. b5 h4 49. Kg2 h3+ 50. Kg3 Rf3+ 51. Kh4 Rxf2 52. Kh5 Rf5+
53. Kg6 Rg5+ 54. Kxf6 Rh5 55. Kg6 Rh8 56. Rg7+ Kf8 57. Rgf7+ Ke8 58. Kg7 g3 59.
Kxh8 Ra4 60. Rh7 1-0

[Event "Buenos Aires Najdorf"]
[Site "Buenos Aires"]
[Date "1993.??.??"]
[Round "3"]
[White "Kortschnoj, Viktor Lvovich"]
[Black "Illescas Cordoba, Miguel"]
[Result "1-0"]
[WhiteElo "2605"]
[BlackElo "2615"]
[Annotator "Ftacnik,L"]
[PlyCount "61"]
[EventDate "1993.04.??"]
[EventType "tourn"]
[EventRounds "11"]
[EventCountry "ARG"]
[EventCategory "13"]
[SourceTitle "CBM 035"]
[Source "ChessBase"]
[SourceDate "1993.08.01"]
[SourceVersion "1"]
[SourceVersionDate "1993.08.01"]
[SourceQuality "1"]

1. d4 Nf6 2. c4 e6 3. Nc3 Bb4 4. e3 O-O 5. Bd3 d5 6. Nf3 c5 7. O-O Nc6 8. a3
Bxc3 9. bxc3 Qc7 10. cxd5 exd5 11. a4 Re8 12. Ba3 c4 13. Bc2 Bg4 (13... Ne4 $5)
14. Qe1 $1 Bh5 (14... Bxf3 15. gxf3 Qd7 16. Kh1 $1 Qh3 17. Bd1 $1 $14) 15. Nh4
$1 Ng4 16. g3 Bg6 17. Bd1 Qd7 18. Nxg6 hxg6 19. Ra2 f5 $6 (19... Na5 20. Re2
Nb3 21. f3 Nf6 22. e4 Qxa4 $13) 20. Re2 Nf6 21. f3 Re6 $2 (21... Nd8 22. Bc2
Nf7 23. h3 $5 {/\ g4}) 22. Bc2 Rae8 23. g4 $3 fxg4 24. Bxg6 gxf3 25. Rxf3 $1
Ne4 26. Bxe8 Rxe8 27. Rg2 Nd8 28. Qh4 Ne6 29. Qh5 b6 30. Rg4 Nd8 31. Rh4 1-0

[Event "Buenos Aires Najdorf"]
[Site "Buenos Aires"]
[Date "1993.??.??"]
[Round "4"]
[White "Seirawan, Yasser"]
[Black "Kortschnoj, Viktor Lvovich"]
[Result "0-1"]
[WhiteElo "2595"]
[BlackElo "2605"]
[PlyCount "67"]
[EventDate "1993.04.??"]
[EventType "tourn"]
[EventRounds "11"]
[EventCountry "ARG"]
[EventCategory "13"]
[SourceTitle "CBM 035"]
[Source "ChessBase"]
[SourceDate "1993.08.01"]
[SourceVersion "1"]
[SourceVersionDate "1993.08.01"]
[SourceQuality "1"]

1. d4 Nf6 2. c4 e6 3. Nc3 Bb4 4. Qc2 d5 5. cxd5 exd5 6. Bg5 c5 7. dxc5 h6 8.
Bxf6 Qxf6 9. e3 O-O 10. Nf3 Be6 11. Rc1 Nd7 12. Bb5 Ne5 13. Nd4 Bxc5 14. O-O a6
15. Nxe6 fxe6 16. Be2 Ba7 17. Qb3 Rf7 18. Nd1 Raf8 19. Rc3 Qg5 20. Qc2 Nc6 21.
a3 h5 22. Qc1 h4 23. Kh1 Bb8 24. Rc2 Qe5 25. f4 g5 26. Bh5 Rf6 27. g3 gxf4 28.
Bg4 fxg3 29. Rxf6 Qxf6 30. Nc3 Qf1+ 31. Qxf1 Rxf1+ 32. Kg2 gxh2 33. Bxe6+ Kh8
34. Kxf1 $138 0-1

[Event "Nijmegen m"]
[Site "Nijmegen"]
[Date "1993.??.??"]
[Round "3"]
[White "Kortschnoj, Viktor Lvovich"]
[Black "Piket, Jeroen"]
[Result "1-0"]
[WhiteElo "2605"]
[BlackElo "2590"]
[Annotator "Ftacnik,L"]
[PlyCount "85"]
[EventDate "1993.05.??"]
[EventType "match"]
[EventRounds "8"]
[EventCountry "NED"]
[SourceTitle "CBM 036"]
[Source "ChessBase"]
[SourceDate "1993.10.01"]
[SourceVersion "1"]
[SourceVersionDate "1993.10.01"]
[SourceQuality "1"]

1. d4 d5 2. c4 e6 3. Nf3 c5 4. cxd5 exd5 5. g3 Nc6 6. Bg2 Nf6 7. O-O Be7 8. Nc3
O-O 9. Bg5 Be6 $6 10. dxc5 Bxc5 11. Rc1 Bb6 (11... Be7 12. Nd4 $14) 12. b3 $1
d4 $6 (12... Re8 13. e3 $1 h6 14. Bxf6 Qxf6 15. Nxd5 Bxd5 16. Qxd5 Qb2 $14) 13.
Ne4 Qe7 14. Nh4 $1 Kh8 15. Bxf6 gxf6 16. Qd2 Ne5 (16... f5 $2 17. Qh6 $1 fxe4
18. Bxe4 f5 19. Ng6+ $18) 17. Qh6 Ng6 18. Qh5 Rad8 $1 (18... Nxh4 19. Qxh4 Kg7
20. g4 $1 {/\ Ng3-h5+-}) 19. Nf5 Bxf5 20. Qxf5 Kg7 21. a4 Qe5 22. Qf3 Rfe8 23.
b4 f5 24. Ng5 Rd7 $5 (24... h6 25. Nh3 (25. Nxf7 Kxf7 26. Qxb7+ (26. a5 Bc7 27.
Qxb7 $36) 26... Re7 $13)) (24... Qxe2 $2 25. Qxe2 Rxe2 26. a5 $18) 25. Qh5 h6 (
25... Qxe2 $1 26. Qxh7+ Kf6 27. Qh6 d3 (27... Rh8 28. Nh7+ Rxh7 29. Qxh7 d3
$132) 28. Nh7+ Ke7 $132) 26. Nf3 Qe6 27. a5 Bd8 28. Rc2 (28. Rfd1 Qxe2 $140 29.
Bf1 Qb2 30. Bb5 $18) 28... Bf6 $6 (28... d3 $1 29. exd3 Rxd3 $14) 29. Ne1 Rde7
30. Nd3 b6 31. Bh3 Qb3 32. Rfc1 Qd5 33. Rc7 $6 (33. Bxf5 $4 Re5 $1 34. Nxe5
Rxe5 35. g4 Nf4 $19) (33. Bg2 $1 Qe6 34. Bf3 $1 $16) 33... Bg5 $2 (33... Rxc7
34. Rxc7 Re7 $14) 34. f4 Rxc7 35. Rxc7 Bd8 36. Rxa7 bxa5 37. Bxf5 Ne7 38. Qg4+
Kh8 39. Bd7 Rg8 40. Qh3 Kh7 41. bxa5 Qe4 (41... Bxa5 42. Be6 Qxe6 43. Qxe6 fxe6
44. Rxe7+ Rg7 45. Rxe6 $18) 42. Qh5 Qe3+ 43. Kf1 1-0

[Event "Nijmegen m"]
[Site "Nijmegen"]
[Date "1993.??.??"]
[Round "4"]
[White "Piket, Jeroen"]
[Black "Kortschnoj, Viktor Lvovich"]
[Result "0-1"]
[WhiteElo "2590"]
[BlackElo "2605"]
[Annotator "Dautov,R"]
[PlyCount "96"]
[EventDate "1993.05.??"]
[EventType "match"]
[EventRounds "8"]
[EventCountry "NED"]
[SourceTitle "CBM 036"]
[Source "ChessBase"]
[SourceDate "1993.10.01"]
[SourceVersion "1"]
[SourceVersionDate "1993.10.01"]
[SourceQuality "1"]

1. d4 {Ftacnik} Nf6 2. c4 e6 3. Nf3 Bb4+ 4. Bd2 Qe7 5. g3 Nc6 6. Nc3 d5 7. Bg2
O-O 8. a3 Bxc3 9. Bxc3 Ne4 10. Rc1 $6 (10. Qc2 $1 a5 11. b3 $1 Rd8 (11... f5
12. Bb2 Bd7 13. O-O Be8 14. Rad1 Bh5 15. Ne1 $1 $14 {/\Nd3}) 12. O-O b6 13. Bb2
Bb7 14. Rfd1 $14) (10. Qc2 {Ftacnik}) 10... Rd8 11. Qc2 a5 12. O-O Bd7 13. Rfe1
$6 (13. Rfd1 Be8 14. Be1 f5 $132 15. Ne5 Nxe5 16. dxe5 d4 17. Bxe4 fxe4 18.
Qxe4 c5 $44) (13. Rfd1 $5 {Ftacnik}) 13... Be8 14. cxd5 exd5 15. Nd2 f5 16. e3
Bg6 $10 17. Qb3 Qd6 18. Nf3 a4 19. Qb5 (19. Qd1 $5 Bh5 20. Qd3 {/\Ne5}) 19...
Qd7 20. Nh4 Bf7 21. Bb4 $6 (21. Qe2 $10) (21. Nf3 $10) 21... Ra6 22. f3 $6 (22.
Bc3 $142 $10) 22... Nxb4 23. Qxd7 (23. Qxb4 {Ftacnik} Rb6 24. Qa5 Nd6 {/\ Nc4,
g7-g5}) 23... Rxd7 24. axb4 Nd6 $15 {><b4,Nh4} 25. Bh3 $8 Be6 (25... g6 {
Ftacnik} 26. e4 dxe4 27. fxe4 Nc4 $1) 26. e4 $1 dxe4 27. d5 $1 Bxd5 28. Nxf5
Nxf5 (28... Rf7 $5 29. Nxd6 Rxd6 30. fxe4 Bb3 31. e5 (31. Re2 $1 Rd4 (31... Rb6
32. Rd2) 32. b5 Re7 33. Bc8 b6 34. Bb7 $10) 31... Rd2 32. e6 Re7 33. Rc3 g6 $1
$17 (33... Rxb2 $6 34. Rd3 $132)) 29. Bxf5 Be6 30. b5 (30. Bxe4 {Ftacnik} Rb6
31. Bxb7 $1 Rxb7 32. Rxe6 Rxb4 $15) 30... Rb6 31. Bxe6+ Rxe6 32. Rxe4 (32. fxe4
{Ftacnik} Re5) 32... Rxe4 33. fxe4 Rd2 34. Rc4 $2 (34. Rxc7 Rxb2 35. Rc8+ (35.
Rxb7 $2 a3 36. Ra7 a2 $19) 35... Kf7 36. Ra8 Rxb5 37. Rxa4 Rb2 $1 38. Rd4 (38.
Ra5 $1 {Ftacnik} Ke6 39. Rd5) 38... Ke6 39. Rd5 $1 b5 40. h4 b4 41. Rb5 $15)
34... Rxb2 35. Rxa4 Rxb5 36. Rd4 Kf8 37. Rd7 Rc5 38. Kf2 Rc3 $19 (38... b5 39.
Ke3 Rc4 40. Kf4 b4 41. Ke5 $132) 39. e5 (39. Ke2 b5 40. Kd2 b4 41. Rd4 (41. e5
{Ftacnik} Rc6 $19) 41... c5 42. Rd7 Rc4 43. Kd3 Rd4+ 44. Rxd4 cxd4 45. Kxd4 Ke7
46. Kc4 Ke6 47. Kxb4 Ke5 48. Kc5 (48. Kc3 Kxe4 49. Kd2 Kf3 $19) 48... Kxe4 49.
Kd6 Kf3 50. Ke7 Kg2 51. Kf7 g5 52. Kf6 h6 $19) 39... b5 40. e6 b4 41. Rf7+ Ke8
42. Rxg7 b3 43. Ke2 Rc6 (43... b2 {Ftacnik} 44. Rg8+ Ke7 45. Rb8) 44. Kd3 b2
45. Rg8+ Ke7 46. Rb8 Rb6 47. Rxb6 cxb6 48. Kc2 Kxe6 (48... Kxe6 49. Kxb2 Kf5
50. h3 Ke4 $19 (50... Ke4 {Ftacnik} 51. Kc3 Kf3 $19)) 0-1

[Event "Nijmegen m"]
[Site "Nijmegen"]
[Date "1993.??.??"]
[Round "6"]
[White "Piket, Jeroen"]
[Black "Kortschnoj, Viktor Lvovich"]
[Result "0-1"]
[WhiteElo "2590"]
[BlackElo "2605"]
[Annotator "Kortschnoj,V"]
[PlyCount "70"]
[EventDate "1993.05.??"]
[EventType "match"]
[EventRounds "8"]
[EventCountry "NED"]
[SourceTitle "CBM 036"]
[Source "ChessBase"]
[SourceDate "1993.10.01"]
[SourceVersion "1"]
[SourceVersionDate "1993.10.01"]
[SourceQuality "1"]

1. d4 Nf6 2. c4 e6 3. Nc3 Bb4 4. f3 d5 5. a3 Bxc3+ 6. bxc3 c5 7. cxd5 Nxd5 8.
Qd3 b6 9. e4 Ba6 10. c4 Nc7 (10... Nf6 $1 11. e5 Nfd7 12. Qe4 cxd4 13. Qxa8 Nc5
14. Rb1 Qc7 15. Rb5 (15. f4 $6 Bb7 16. Qxa7 Nbd7 17. a4 O-O 18. a5 Ra8) 15...
Bxb5 16. cxb5 Nd3+ (16... Qxe5+ $5 $40) 17. Bxd3 Qxc1+ 18. Kf2 Qe3+ 19. Kg3
Qg5+ $10) 11. dxc5 $2 bxc5 12. Qxd8+ Kxd8 13. Bb2 (13. Bf4 Nd7 14. Bd6 $14)
13... f6 14. f4 Ke7 15. O-O-O Nc6 16. Nf3 Rhd8 17. Be2 Na5 18. Nd2 Rab8 19. Bc3
(19. Kc2 $14) 19... Nc6 20. e5 $6 (20. Nf3 $10) 20... fxe5 21. fxe5 Nd4 22.
Bxd4 (22. Bd3 $5) 22... Rxd4 23. Kc2 Bb7 $15 24. Kc3 (24. Rb1 Rbd8 $15) 24...
Bc6 25. Rhf1 Na8 26. Nb3 $2 (26. Nf3 $1) 26... Re4 27. Nxc5 Rxe5 $17 (27...
Rxe2 $2 28. Rd6 $13) 28. Na6 Rc8 29. Bd3 Rh5 $1 (29... Bb5 $2 30. Kd4 $16) 30.
Rf4 Bb5 31. Nb4 Nb6 32. Re1 $2 (32. Kb2 Nxc4+ $17) 32... a5 $19 33. g4 Rh3 34.
Kd2 axb4 35. cxb5 Rd8 0-1

[Event "Interzonal-16"]
[Site "Biel"]
[Date "1993.??.??"]
[Round "11"]
[White "Wolff, Patrick G"]
[Black "Kortschnoj, Viktor Lvovich"]
[Result "0-1"]
[WhiteElo "2585"]
[BlackElo "2625"]
[Annotator "Ambroz,J"]
[PlyCount "68"]
[EventDate "1993.07.16"]
[EventType "swiss"]
[EventRounds "13"]
[EventCountry "SUI"]
[SourceTitle "CBM 037"]
[Source "ChessBase"]
[SourceDate "1993.12.01"]
[SourceVersion "1"]
[SourceVersionDate "1993.12.01"]
[SourceQuality "1"]

1. e4 e6 2. d4 d5 3. Nd2 Nf6 4. e5 Nfd7 5. c3 c5 6. Bd3 b6 7. Ne2 (7. Nh3 $5
Ba6 8. Bxa6 Nxa6 9. O-O b5 10. Qg4 Qb6 11. Nf3 h6 12. Nf4 c4 13. h4 O-O-O 14.
h5 Qc6 15. Ne1 (15. b3 $5 $14 {Zapata}) 15... Rg8 $13 {Zapata-Short, Wijk aan
Zee 1987}) 7... Ba6 8. Bxa6 Nxa6 9. O-O Nc7 10. Nf4 c4 (10... Be7 $5 11. Nf3
O-O 12. Re1 a5 13. Re3 a4 14. a3 f6 15. exf6 Rxf6 16. Re1 Bd6 17. Nd3 Rf5 $10 {
Wollf-Lputian, Wijk aan Zee 1993}) 11. a4 (11. b3 b5 12. Qg4 g6 13. Nf3 Nb6 14.
h4 h5 15. Qg3 Nc8 $6 16. bxc4 bxc4 17. Rb1 $14 {Stein-Gorenstein, USSr 1967})
11... a6 12. b4 b5 13. a5 (13. Nf3 a5 $1 14. bxa5 (14. axb5 axb4 15. Rxa8 Qxa8
$17) 14... Rxa5 $15) 13... Qe7 14. Re1 (14. Nh5 g6 15. Nf6+ Nxf6 16. exf6 Qxf6
17. Nf3 h6 18. Ne5 O-O-O $5 19. f4 Bd6 20. Be3 Qg7 $17) (14. Nf3 h6 (14... h5
15. h4 $1) 15. Nh5 g6 16. Ng3 O-O-O 17. h3 Bg7 18. Nh2 $10 h5 19. Nf3 $1 {>< g5
}) 14... O-O-O 15. Qg4 h6 16. Nf3 (16. h4 g5 $1) 16... g5 17. Nh5 f5 18. exf6
Nxf6 19. Nxf6 Qxf6 20. h4 (20. Ne5 $142 Bd6 21. f4 (21. Re3 h5 22. Qe2 g4 $17)
21... Rdf8 22. Rf1 Rhg8 (22... Bxe5 23. dxe5 Qg6 24. Be3 $13 (24. Qe2 d4 $5 $44
)) 23. Qe2 $10) 20... Bd6 21. hxg5 (21. h5 Rhf8 22. Ra2 Qf5 $5 23. Qxf5 Rxf5 {
><h5} (23... exf5 24. Rae2 Rde8 $1 $15) 24. Nh2 $5 Bxh2+ 25. Kxh2 Kd7 $10 (
25... g4 26. Kg3 $14) 26. Rae2 Rdf8 27. f3 $1 {/\ Be3-f2-g3} R5f6 $15 {/\
Nc7-e8-d6-f5-g7}) 21... hxg5 {<-> h} 22. g3 (22. Bxg5 Qg7 23. Re3 Rdg8 24. Rae1
Rh6 $17 25. R1e2 Rf6 26. Re5 Bxe5 27. Rxe5 Rh6) (22. Nxg5 $143 Qg6 $5 23. Ra2
Rh5 $40) 22... Rdf8 23. Kg2 Rhg8 24. Ra2 Bf4 25. Ba3 (25. Rae2 $142) 25... Kb7
26. Rae2 Rg6 27. Bb2 Qf7 28. Bc1 Qf6 29. Ba3 $138 (29. Ne5 Bxe5 30. dxe5 Qg7
31. Qd4 Rh6 32. Qb6+ Kc8 $36) 29... Qf7 30. Bb2 Rf6 $1 31. Rf1 (31. gxf4 Rxf4
$19) 31... Rf5 $1 32. Ba3 (32. Rfe1 Bxg3) 32... Ne8 {Nf6, ><g4} 33. Rfe1 Bc7 (
33... Nf6 34. Qxf5) 34. Nxg5 (34. Re3 Nf6 $19) 34... Rxg5 (34... Rxg5 35. Qxg5
Qf3+ 36. Kg1 Rh8) 0-1

[Event "Antwerp"]
[Site "Antwerp"]
[Date "1993.??.??"]
[Round "9"]
[White "Kortschnoj, Viktor Lvovich"]
[Black "Gurevich, Mikhail"]
[Result "1-0"]
[WhiteElo "2625"]
[BlackElo "2605"]
[Annotator "Hansen,LB"]
[PlyCount "97"]
[EventDate "1993.08.??"]
[EventType "tourn"]
[EventRounds "9"]
[EventCountry "BEL"]
[EventCategory "13"]
[SourceTitle "CBM 037"]
[Source "ChessBase"]
[SourceDate "1993.12.01"]
[SourceVersion "1"]
[SourceVersionDate "1993.12.01"]
[SourceQuality "1"]

1. d4 {Kortschnoj} d5 2. c4 c6 3. Nf3 Nf6 4. Nc3 e6 5. e3 Nbd7 6. Bd3 dxc4 7.
Bxc4 b5 8. Bd3 Bb7 9. e4 b4 10. Na4 c5 11. e5 Nd5 12. dxc5 Nxc5 (12... Qa5 13.
O-O Bxc5 14. a3 Be7 15. Bd2 O-O 16. Be4 Rfd8 (16... f5 $6 17. axb4 Qc7 18. Rc1
Qb8 19. Bb1 Nxe5 20. Nxe5 Qxe5 21. Re1 Qd4 22. Nc5 Bxc5 23. bxc5 $16 {^^;
Hansen,C-Gurevich,M/TÅstrup/1992/}) 17. axb4 Bxb4 18. Bg5 Re8 19. Nc3 Qc7 20.
Nxd5 exd5 21. Rc1 Qa5 22. Ra1 Qb5 23. Bd3 Qb6 $10 {Shneider,A-Maksimenko,A/
Kherson/1989/}) 13. Nxc5 Bxc5 14. O-O h6 15. Nd2 O-O (15... Qc7 16. Ne4 (16.
Nc4 O-O-O $5 17. Qe2 Kb8 18. Bd2 Nb6 19. Na5 Qd7 20. Be4 Bxe4 21. Qxe4 Qd5 22.
Qxd5 Rxd5 23. Bxb4 {1/2;Staniszewski,P-Matlak,M/Bielsko Biala/1988/}) 16... Be7
17. Re1 Qxe5 18. Nc5 Qc7 19. Nxb7 Qxb7 20. Qf3 Bf6 21. a3 O-O $1 22. Qe4 g6 23.
Bxh6 Bxb2 {1/2;Aleksandrov,A-Skudnov,S/Podolsk/1990/}) (15... Nc3 16. Qc2 Qd5
17. Nf3 Rd8 18. Ne1 Bd4 19. Bd2 Nb5 (19... Ne4 $6 20. Bxb4 Bxe5 21. Rd1 Bd4 22.
Qe2 a6 23. Bxa6 Bxa6 24. Qxa6 e5 25. Qa4+ Rd7 26. Rc1 $16 {Dautov,R-Dreev,A/
Tbilisi/1989/}) 20. Bxb4 Bxe5 (20... Bb6 $6 21. Qc4 Nd4 22. Qxd5 Rxd5 23. Bd6
Nf5 24. Bc4 Rd4 25. Bb5+ Kd8 26. Ba3 $16 {Polugaevsky,L-Mecking,H/Manila/1975/}
) 21. Rc1 (21. Bc4 Nd4 $5 22. Bxd5 Nxc2 23. Bxb7 Nxb4 $10 {Taylor,G-O`Donnell,
T/Windsor/1989/}) (21. Rd1 a6 22. Bxb5+ Qxb5 23. Rxd8+ Kxd8 24. Nd3 Qd5 25. f3
Bd4+ 26. Kh1 $16 {X Kd8;Giulian,P-Bryson,D/Edinburgh/1988/}) 21... a6 22. Qa4
Bd6 23. Bxd6 Rxd6 $10 {Mageramov,E-Bagirov,V/Baku/1976/ECO}) 16. Ne4 (16. Nc4
$6 Ne7 $1 17. Nd6 Bxd6 18. exd6 Nd5 19. Be4 $15 {1/2;Tukmakov,V-Ribli,Z/Reggio/
1987/}) 16... Bd4 (16... Be7 $6 17. Qg4 $16) 17. Nd6 Bc6 18. Qe2 $5 $146 (18.
Bh7+ Kxh7 19. Qxd4 f6 $1 20. Bd2 fxe5 21. Qe4+ Kg8 22. Qxe5 Qd7 23. Rfe1 Rad8
24. Ne4 Rf5 25. Qg3 Nf6 26. Nxf6+ Rxf6 27. Bxb4 Kh7 $1 28. Qc3 Rg6 {1/2;
Tukmakov,V-Dreev,A/Odessa/1989/} 29. f3 Bxf3 $1 30. Qxf3 Qd4+ 31. Kh1 Qxb4 $10)
18... f5 (18... Ne7 $6 19. Bxh6 $1 $16) 19. Rd1 Qe7 (19... Qb6 20. Bc4 $16 {
X e6}) (19... Qh4 $1 {Kortschnoj} 20. a3 a5 21. Bb5 $10) 20. Ba6 Bc5 21. Bd2 $1
Ba4 (21... Bxd6 22. exd6 Qd7 (22... Qxd6 $2 23. Bxb4 $1 $16) 23. Rac1 Rad8 24.
Qe5 $16) 22. b3 Bd7 23. Bb7 Rab8 24. Bxd5 exd5 25. Qf3 $1 $16 Be6 $8 (25...
Qxe5 $2 26. Bf4 Qe6 (26... Qc3 27. Qxd5+ Kh7 28. Rac1 $18) 27. Re1 $18) 26.
Rac1 Bb6 (26... Bxd6 27. exd6 Qxd6 28. Bf4 $18) 27. Be3 Bxe3 28. fxe3 $1 a5 29.
Rd4 (29. Rd2 {Kortschnoj} Ra8 30. Rdc2 $16) 29... Kh7 30. h4 Ra8 31. Qf2 $5 (
31. Qg3 {/\Rd2-c2}) 31... Ra7 32. Qc2 g6 33. Qc5 Qg7 34. Rd3 Bg8 $6 (34... g5
35. hxg5 hxg5 36. Kf2 $1 $16 f4 $140 37. e4) (34... Re7 35. Qxa5 Qxe5 36. Qxb4
$16) 35. Nc8 $1 Ra8 36. Nb6 Rad8 37. Qxa5 Qxe5 38. Qxb4 Rfe8 $6 (38... f4 $142
39. Qd4 $1 (39. Nd7 Rxd7 40. Qxf8 Rf7 {/\f3;fe3<=>} (40... fxe3 {Kortschnoj}
41. Rc8 Rg7 42. Re8 $18)) 39... Qb8 (39... Qd6 40. Nc4 $1 {/\Ne5+-}) 40. Rdc3
$18) 39. a4 $18 d4 $6 40. exd4 Qe4 41. Rc7+ Kh8 42. Qc3 (42. Qd2 $1 {Kortschnoj
} Qxh4 43. Rh3 $18) 42... Bd5 43. Nxd5 Rxd5 44. Rc8 f4 45. Rf3 g5 46. hxg5 hxg5
47. Rh3+ Kg8 48. Qd3 $1 Kf7 (48... Qe1+ 49. Kh2 Rxc8 50. Qg6+ Kf8 51. Rh8+ Ke7
52. Rh7+ Kd8 53. Qf6+ Ke8 54. Qh8#) 49. Rxe8 1-0

[Event "EU-Cup 09th Group1"]
[Site "London"]
[Date "1993.09.17"]
[Round "1"]
[White "Kortschnoj, Viktor Lvovich"]
[Black "Jonsson, Bjorgvin"]
[Result "1-0"]
[WhiteElo "2625"]
[BlackElo "2405"]
[PlyCount "107"]
[EventDate "1993.09.17"]
[EventType "team-k.o."]
[EventRounds "3"]
[EventCountry "ENG"]
[SourceTitle "EXT 2018"]
[Source "ChessBase"]
[SourceDate "2017.10.13"]
[SourceVersion "1"]
[SourceVersionDate "2017.10.13"]
[SourceQuality "1"]
[WhiteTeam "Volmac"]
[BlackTeam "Gardabjaer"]
[WhiteTeamCountry "NED"]
[BlackTeamCountry "ISL"]

1. c4 c6 2. d4 d5 3. Nc3 Nf6 4. e3 e6 5. Nf3 Nbd7 6. Bd3 dxc4 7. Bxc4 b5 8. Bd3
a6 9. e4 c5 10. e5 cxd4 11. Nxb5 Ng4 12. Qa4 Bb7 13. Nbxd4 Qb6 14. O-O Bc5 15.
Be3 Nxe3 16. fxe3 h6 17. Kh1 Rd8 18. Rad1 O-O 19. Qc2 Be7 20. Be4 Rc8 21. Qb1
Rfd8 22. Rf2 Rc5 23. Bxb7 Qxb7 24. Nb3 Rd5 25. Rxd5 Qxd5 26. Rd2 Qa8 27. Qd1
Nb6 28. Rxd8+ Bxd8 29. Na5 Qc8 30. b3 Be7 31. Qd2 Qc5 32. h3 g5 33. Nb7 Qc6 34.
Nd6 Nd5 35. Nc4 Nb6 36. Qd4 Nxc4 37. Qxc4 Qb6 38. Qd3 a5 39. Nd2 Qb4 40. Kh2 a4
41. Qd4 axb3 42. Qxb4 Bxb4 43. Nxb3 Bc3 44. a4 Bxe5+ 45. Kg1 Bc7 46. a5 f5 47.
Kf2 e5 48. e4 fxe4 49. Ke3 Kf7 50. Kxe4 Ke6 51. a6 Bb8 52. Na5 Kd6 53. Nc4+ Kc7
54. g4 1-0